|
|
|
|
| LEADER |
00000nam a2200000Ia 4500 |
| 005 |
20241120100121.0 |
| 008 |
180219b2010 cr ||||| |||| 00| | spa d |
| 090 |
|
|
|a 06.02.01
|b 2001
|
| 100 |
1 |
|
|a Fernández Solano, Bryan
|9 3352
|
| 245 |
1 |
0 |
|a Plan de los 200 días lectivos del Ministerio de Educación Pública de Costa Rica : actualización sobre el enlace químico y sus consecuencias /
|c Bryan Fernández Solano, William J. Zamora Ramírez, compiladores
|
| 260 |
|
|
|a San José, Costa Rica :
|b MEP. Instituto de Desarrollo Profesional Uladislao Gámez Solano,
|c 2010
|
| 300 |
|
|
|a 34 páginas
|
| 650 |
1 |
4 |
|a CAPACITACIÓN
|9 729
|
| 650 |
1 |
4 |
|a DOCENTES
|9 331
|
| 700 |
1 |
|
|a Zamora Ramírez, William J.
|9 3353
|
| 856 |
|
|
|u https://uir.inie.ucr.ac.cr/cgi-bin/koha/opac-retrieve-file.pl?id=1876c8e98f624bb4ff964f02ff13b4f7
|
| 942 |
|
|
|i 002373
|h 06.02.01 2001
|2 z
|c 04
|6 060201_2001_002373
|
| 999 |
|
|
|c 1511
|d 1511
|